000 01747nam0a2200337 4500
001 RU\NLR\BIBL_A\022509980
005 20250714132130.0
010 _a978-5-87203-577-0
_9500
021 _aRU
_bКН-П-25-007184
_9КН-П-25-0706
035 _a(NLR Aleph) 022509980
090 _a13452798
_c13452798
100 _a20250402d2024 k y0rusy50 ca
101 0 _arus
102 _aRU
105 _aa z 000yy
181 0 _ai4
_baxxe
182 0 _an
200 1 _aМетодология системного и неосистемного подходов к управлению источниками и факторами риска интеграционных процессов сферы аграрного образования
_eмонография
_fЕ. М. Кот
_gМинистерство сельского хозяйства Российской Федерации, Уральский государственный аграрный университет
203 _aТекст
_bвизуальный
_cнепосредственный
210 _aЕкатеринбург
_cИзд-во Уральского ГАУ
_d2024
215 _a246, [1] c.
_cил.
_d20
320 _aБиблиогр.: с. 163-193 (271 назв.)
606 1 _aСельскохозяйственное образование
_91166234
_3RU\NLR\AUTH\66467414
606 1 _aСельское хозяйство
_xКадры
_xПодготовка
_yРоссийская Федерация
_92193877
_3RU\NLR\AUTH\661318647
686 1 _aУ32(2)-640-963(2Р)
686 1 _aЧ458.8
700 1 _aКот
_bЕ. М.
_gЕкатерина Михайловна
942 _cBOOK
980 _aNB